عرض عادي عرض مارك
  • Great Britain

مدخل إسم جغرافي

عدد التسجيلات المستخدمة في: 1

001 - رقم الضبط

  • حقل الضبط: 8433

003 - معرف رقم الضبط

  • حقل الضبط: OSt

005 - تاريخ ووقت أخر عملية

  • حقل الضبط: 20111214142536.0

008 - عناصر بيانات ثابتة الطول

  • حقل تحكم ثابت الطول: 111214|||a|||||| | ||| d

040 ## - مصدر الفهرسة

  • هيئة الفهرسة الأصلية: OSt
  • وكالة الكتابة: OSt

151 ## - مدخل-- مصطلح تاريخي

  • اسم جغرافي: Great Britain
  • تفريع عام: History
  • تقسيم فرعي تاريخي: Restoration, 1660-1688
  • تفريع شكلي: Literary collections.

670 ## - بيانات المصدر موجوده

  • الاستشهاد بالمصدر: Work cat.: (OSt)20898: Restoration literature :, 2009.